Technical communication (Record no. 18745)

MARC details
000 -LEADER
fixed length control field 00382nam a22001697a 4500
005 - DATE AND TIME OF LATEST TRANSACTION
control field 20230614104504.0
008 - FIXED-LENGTH DATA ELEMENTS--GENERAL INFORMATION
fixed length control field 230614b |||||||| |||| 00| 0 eng d
020 ## - INTERNATIONAL STANDARD BOOK NUMBER
ISBN 9781319088088
082 ## - DEWEY DECIMAL CLASSIFICATION NUMBER
Classification number 808.066
Item number MAR-T
100 ## - MAIN ENTRY--AUTHOR
Author Name Markal,Mike
245 ## - TITLE STATEMENT
Title Technical communication
250 ## - EDITION STATEMENT
Edition statement 11th
260 ## - PUBLICATION, DISTRIBUTION, ETC.
Place of Publication USA
Name of publisher, distributor, etc. Bedford
Date of publication, distribution, etc. 2015
300 ## - PHYSICAL DESCRIPTION
Pages 729
650 ## - SUBJECT ADDED ENTRY--TOPICAL TERM
Subject / Department MISC
952 ## - LOCATION AND ITEM INFORMATION (KOHA)
-- 0
-- 0
952 ## - LOCATION AND ITEM INFORMATION (KOHA)
-- 0
-- 0
Holdings
Lost status Damaged status Collection code Permanent Location Current Location Shelving Location Date acquired Full Call Number Accession No./Barcode Date last seen item type Koha item type
    CS/IT Superior Information Resource Center (SIRC) Superior University- Gold Campus Superior Information Resource Center (SIRC) Superior University- Gold Campus MISC 06/14/2023 808.066 MAR-T 2015 19325 06/14/2023 BOOK BOOK
    CS/IT Superior Information Resource Center (SIRC) Superior University- Gold Campus Superior Information Resource Center (SIRC) Superior University- Gold Campus MISC 06/14/2023 808.066 MAR-T 2015 19331 06/14/2023 BOOK BOOK

Powered by Koha